| 000 | 00941nam a2200229Ii 4500 | ||
|---|---|---|---|
| 003 | JO-AjNU | ||
| 008 | 230605s9999||||xx |||||||||||||| ||und|| | ||
| 017 | _a2003/13167 | ||
| 040 |
_aJO-AjNU _bara _erda _cJO-AjNU |
||
| 041 | _aara | ||
| 050 | 1 | 4 | _aDS63.2.U5.F36 2003 |
| 100 | 3 |
_aفندى، مامون, _eauthor _920179 |
|
| 245 | 0 | 0 | _aضحايا الحداثة: أمريكا والعرب بعد 11 سبتمبر |
| 250 | _aطبعة خاصة | ||
| 264 | 3 | 1 | _aالقاهرة: الهيئة المصرية العامة للكتاب، 2003 |
| 300 | _a310ص | ||
| 336 |
_atext _btxt _2rdacontent |
||
| 337 |
_aunmediated _bn _2rdamedia |
||
| 338 |
_avolume _bnc _2rdacarrier |
||
| 490 | 0 | _aمهرجان القراءة للجميع/ مكتبة الاسرة | |
| 650 | 4 |
_aعالم عربي- العلاقات الخارجية- الولايات المتحدة الامريكية، احداث 11 سبتمبر - الارهاب الدولي _920180 |
|
| 999 |
_aA6794 _c10362 _d10362 |
||